[Event "POL-ch U12 Girls"]
[Site "Uniejow"]
[Date "2021.07.25"]
[Round "9"]
[White "Partington, Anna G"]
[Black "Drozd, Gabriela"]
[Result "0-1"]
[WhiteElo "2064"]
[BlackElo "1153"]
[PlyCount "112"]
[EventDate "2021.07.18"]
[EventType "swiss"]
[EventRounds "9"]
[EventCountry "POL"]
[SourceTitle "EXT 2022"]
[Source "ChessBase"]
[SourceDate "2021.10.06"]
[SourceVersion "1"]
[SourceVersionDate "2021.10.06"]
[SourceQuality "1"]

1. e4 c5 2. Nf3 d6 3. Bb5+ Bd7 4. Bxd7+ Nxd7 5. 0-0 e5 6. c3 Ngf6 7. Re1 Be7 8. d4 h6 9. Nbd2 0-0 10. dxe5 dxe5 11. Nc4 Qc7 12. a4 a6 13. Qc2 Ng4 14. h3 b5 15. Ne3 Nxe3 16. Bxe3 Bf6 17. Red1 Nb6 18. axb5 axb5 19. Qb3 Qc6 20. Nd2 Be7 21. f3 c4 22. Qc2 Bc5 23. Bxc5 Qxc5+ 24. Kh1 Qf2 25. Rac1 Ra2 26. Qb1 Rfa8 27. Qc2 Na4 28. Rf1 Qe3 29. Rfe1 Qc5 30. Rb1 Qa3 31. bxa3 Rxc2 32. Nf1 Nxc3 33. Ra1 g6 34. Ng3 Kg7 35. Kh2 Na2 36. Re3 c3 37. Re2 Rxe2 38. Nxe2 Rxa3 39. Nxc3 Rxc3 40. Rxa2 b4 41. Rb2 b3 42. Kg1 Kf6 43. Rb1 Kg5 44. Kf2 Rc2+ 45. Ke3 b2 46. g3 Rg2 47. h4+ Kh5 48. g4+ Kxh4 49. Kd3 Kg3 50. Ke3 h5 51. gxh5 gxh5 52. Rh1 h4 53. Rf1 h3 54. Rh1 h2 55. Rb1 Rg1 56. Rxb2 h1Q 0-1

[Event "POL-ch U12 Girls"]
[Site "Uniejow"]
[Date "2021.07.24"]
[Round "8"]
[White "Drozd, Gabriela"]
[Black "Walerjan, Ada"]
[Result "1/2-1/2"]
[WhiteElo "1153"]
[BlackElo "1098"]
[PlyCount "120"]
[EventDate "2021.07.18"]
[EventType "swiss"]
[EventRounds "9"]
[EventCountry "POL"]
[SourceTitle "EXT 2022"]
[Source "ChessBase"]
[SourceDate "2021.10.06"]
[SourceVersion "1"]
[SourceVersionDate "2021.10.06"]
[SourceQuality "1"]

1. e4 e5 2. Nf3 Nc6 3. d4 exd4 4. Nxd4 Bc5 5. Nxc6 Qf6 6. Qe2 bxc6 7. Qd2 Ne7 8. Bd3 d5 9. 0-0 0-0 10. a3 Be6 11. Nc3 Bb6 12. Na4 Ng6 13. Nxb6 cxb6 14. Rb1 Rad8 15. Qe3 dxe4 16. Bxe4 c5 17. b3 Rfe8 18. Qg3 Bxb3 19. Bxg6 Ba2 20. Bxh7+ Kxh7 21. Bb2 Qg6 22. Qxg6+ fxg6 23. Ra1 Bc4 24. Rfe1 Rxe1+ 25. Rxe1 Rd2 26. Rc1 Bd3 27. cxd3 Rxb2 28. h3 Rb3 29. a4 Rxd3 30. a5 Kh6 31. axb6 axb6 32. Rb1 Rd6 33. Kh2 Kg5 34. Kg3 Kf5 35. Re1 Re6 36. Rd1 c4 37. Rd7 Kf6 38. Rc7 b5 39. Rc5 Rb6 40. Kf4 b4 41. Rxc4 b3 42. Rc1 b2 43. Rb1 g5+ 44. Ke3 Ke5 45. g3 Rb3+ 46. Kd2 Ke4 47. Ke2 Kd4 48. Kd2 Kc4 49. Kc2 Rf3 50. Kxb2 Rb3+ 51. Kc2 Rxb1 52. Kxb1 Kd3 53. Kc1 Ke2 54. f4 gxf4 55. gxf4 Kf3 56. f5 Kg3 57. Kd2 Kxh3 58. Ke3 Kg4 59. Ke4 Kg5 60. Ke5 Kg4 1/2-1/2

[Event "POL-ch U12 Girls"]
[Site "Uniejow"]
[Date "2021.07.19"]
[Round "1"]
[White "Dziodko, Wiktoria"]
[Black "Drozd, Gabriela"]
[Result "0-1"]
[WhiteElo "1022"]
[BlackElo "1153"]
[PlyCount "58"]
[EventDate "2021.07.18"]
[EventType "swiss"]
[EventRounds "9"]
[EventCountry "POL"]
[SourceTitle "EXT 2022"]
[Source "ChessBase"]
[SourceDate "2021.10.06"]
[SourceVersion "1"]
[SourceVersionDate "2021.10.06"]
[SourceQuality "1"]

1. e4 c5 2. Nf3 d6 3. d4 cxd4 4. Nxd4 Nf6 5. Nc3 g6 6. Be3 Bg7 7. f3 0-0 8. Bc4 a6 9. Qd2 b5 10. Bb3 Bb7 11. 0-0-0 b4 12. Na4 a5 13. Ne2 Nc6 14. Nb6 Rb8 15. Na4 Ba6 16. c3 Qc7 17. g4 Ne5 18. Kb1 Nxf3 19. Qc2 Nxg4 20. Bg1 Nxg1 21. Nxg1 Ne3 22. Qd2 Nxd1 23. Qxd1 bxc3 24. Nxc3 Bxc3 25. bxc3 a4 26. h4 axb3 27. axb3 Qxc3 28. h5 Rxb3+ 29. Ka2 Qb2# 0-1